000 00463nam a2200157Ia 4500
008 221030s9999 xx 000 0 und d
020 _a9339222865
041 _aEnglish
100 _aH. Koontz
245 0 _aEssentials of Management : An International, Innovation & Leadership Perspective
_cby H. Koontz, H. Weirich
260 _bMcGraw - Hill Edu. Pvt. Ltd
_aChennai
_c2018
300 _a496
650 _aBE Management
700 _aH. Weirich
942 _cBK
999 _c17977
_d17977